History - World History | 1 | 6 | 0 | 4 | 75 | 58 | 110.86 | 0 | 5 |
| 0 | 7 | 1 | 1 | 65 | 87 | 127.43 | 1 | 4 |
History - American History | 0 | 5 | 0 | 0 | 50 | 65 | 88.40 | 1 | 3 |
Beliefs | 0 | 4 | 0 | 0 | 40 | 74 | 104.75 | 0 | 1 |
Literature - British Literature | 0 | 4 | 1 | 0 | 35 | 109 | 125.75 | 0 | 3 |
Science - Physics | 0 | 3 | 0 | 2 | 30 | 123 | 128.33 | 0 | 0 |
Other Science: Earth Science | 0 | 3 | 0 | 2 | 30 | 132 | 141.00 | 0 | 0 |
Fine Arts - Visual Fine Arts | 0 | 3 | 0 | 1 | 30 | 125 | 137.00 | 0 | 2 |
Philosophy | 0 | 3 | 1 | 1 | 25 | 110 | 131.67 | 0 | 0 |
Geography | 0 | 2 | 0 | 0 | 20 | 92 | 117.00 | 0 | 1 |
Current Events | 0 | 2 | 0 | 1 | 20 | 117 | 126.00 | 1 | 2 |
Literature - European Literature | 0 | 2 | 1 | 0 | 15 | 108 | 128.50 | 0 | 2 |
Fine Arts - Auditory Fine Arts | 0 | 2 | 1 | 1 | 15 | 97 | 116.00 | 0 | 1 |
Chemistry> | 0 | 1 | 0 | 1 | 10 | 121 | 121.00 | 0 | 0 |
Other Arts: Auditory | 0 | 1 | 0 | 0 | 10 | 145 | 145.00 | 0 | 0 |
Other Science: Astronomy | 0 | 1 | 0 | 1 | 10 | 137 | 137.00 | 0 | 1 |
Other Science: Math | 0 | 1 | 0 | 1 | 10 | 148 | 148.00 | 0 | 1 |
Religion | 0 | 1 | 0 | 0 | 10 | 144 | 144.00 | 0 | 0 |
Science - Biology | 0 | 0 | 0 | 0 | 0 | | 0.00 | 0 | 0 |
Science - Chemistry | 0 | 0 | 0 | 0 | 0 | | 0.00 | 0 | 0 |
Social Science | 0 | 1 | 2 | 0 | 0 | 123 | 123.00 | 0 | 1 |
Other Science: Computer Science | 0 | 0 | 0 | 0 | 0 | | 0.00 | 0 | 0 |
History - European History | 0 | 0 | 1 | 0 | -5 | | 0.00 | 0 | 0 |
Literature - American Literature | 0 | 0 | 1 | 0 | -5 | | 0.00 | 0 | 0 |